Algunas consideraciones sobre el pasado, el presente y el futuro de los computadores electrónicos / (Record no. 22274)

MARC details
000 -LEADER
campo de control de longitud fija 00712nam a2200181 i 4500
001 - NÚMERO DE CONTROL
campo de control 22274
003 - IDENTIFICADOR DE NÚMERO DE CONTROL
campo de control ES-MaACL
005 - FECHA Y HORA DE LA ÚLTIMA TRANSACCIÓN
campo de control 20230906152649.0
007 - CAMPO FIJO DE DESCRIPCIÓN FÍSICA--INFORMACIÓN GENERAL
campo de control de longitud fija t|
008 - DATOS DE LONGITUD FIJA--INFORMACIÓN GENERAL
campo de control de longitud fija 021202s1968 sp ||||1| spa d
100 1# - ENTRADA PRINCIPAL--NOMBRE DE PERSONA
Nombre de persona Alicart Garces, Federico.
9 (RLIN) 186618
245 10 - MENCIÓN DEL TÍTULO
Título Algunas consideraciones sobre el pasado, el presente y el futuro de los computadores electrónicos /
Mención de responsabilidad, etc. por Federico Alicart Garces.
260 ## - PUBLICACIÓN, DISTRIBUCIÓN, ETC.
Lugar de publicación, distribución, etc. Madrid :
Nombre del editor, distribuidor, etc. Centro de Estudios y Experimentación de Obras Públicas, Gabinete de Cálculo,
Fecha de publicación, distribución, etc. [1968]
300 ## - DESCRIPCIÓN FÍSICA
Extensión 23 p. :
Otras características físicas il. ;
Dimensiones 24 cm.
710 2# - ENTRADA AGREGADA--NOMBRE DE ENTIDAD CORPORATIVA
Nombre de entidad corporativa o nombre de jurisdicción como elemento de entrada Centro de Estudios y Experimentación de Obras Públicas.
Unidad subordinada Gabinete de Cálculo.
9 (RLIN) 2686
852 ## - LOCALIZACIÓN
Ubicación ES-MaACL
Número de control de estantería 2068-F-12
Holdings
Estatus retirado Estado de pérdida Estado de daño No para préstamo Colección Biblioteca de origen Biblioteca actual Ubicación en estantería Fecha de adquisición Fuente de adquisición Total de préstamos Signatura topográfica completa Código de barras Visto por última vez Precio de reemplazo Tipo de ítem Koha
        Colección de folletos Biblioteca del Ateneo de Madrid Biblioteca del Ateneo de Madrid Depósito folletos 17/01/2008     2068-F-12 1022927 23/02/2023 23/02/2023 Folleto